000 00588cam a22002171 4500
001 sg 17000301
003 DLC
005 20260227112737.0
008 810622s1916 xx 000 0 fre
010 _asg 17000301
035 _a(OCoLC)14796426
040 _aDLC
_cDNLM
_dDLC
042 _apremarc
050 0 0 _aD640
_b.O5
060 0 _aD 640
_bO49o 1916
100 1 _aOlivier,,
_ccapitaine.
245 1 0 _aOnze mois de captivité dans les hôpitaux allemands.
260 _aParis,
_bLibrairie Chapelot,
_c1916.
300 _a264 p.
500 _aAt head of title: Capitaine Olivier.
999 _c90145
_d90145